Statistics for Most Billboard Hot 100 No. 1 Hits By Artist

Click here to take the quiz!

General Stats

  • This quiz has been taken 624 times
  • The average score is 5 of 9

Answer Stats

HintAnswer% Correct
20The Beatles
90%
13Michael Jackson
79%
18Mariah Carey
70%
12Madonna
64%
10Janet Jackson
55%
13Rihanna
48%
11Whitney Houston
42%
10Stevie Wonder
18%
12The Supremes
14%

Score Distribution

Percentile by Number Answered

Percent of People with Each Score

Your Score History

You have not taken this quiz